| 000 | 00687nam a2200241Ia 4500 | ||
|---|---|---|---|
| 008 | 191130s1999##################000#0#eng## | ||
| 020 | _a9780195119411 | ||
| 022 | _a98038221 | ||
| 040 |
_aACL _cACL |
||
| 082 | _a338.6048 OST | ||
| 100 | _aOster, Sharon M | ||
| 245 |
_aModern competitive analysis _cSharon M. Oster |
||
| 250 | _a3rd ed | ||
| 260 |
_aOxford _bOxford University Press _c1999 |
||
| 300 | _ax, 434 p. : ill. ; 24 cm | ||
| 500 | _aIncludes bibliographical references (p. 375-409) and index | ||
| 650 | _aCompetition | ||
| 650 | _aEconomics | ||
| 650 | _aStrategic planning | ||
| 990 | _aa3d8d0cbac10000c75f9282e4ca8a3df | ||
| 991 | _a214579 | ||
| 999 |
_c12759 _d12759 |
||